National Anthem of Canada - "O' Canada" - Statistics

General Stats
  • This quiz has been taken 45 times
  • The average score is 31 of 58
Answer Stats
Answer % Correct
Canada!
100%
O'
100%
Our
94%
and
91%
home
91%
land!
91%
native
89%
love
83%
patriot
83%
all
80%
command.
80%
in
80%
True
80%
of
74%
us
69%
Canada,
51%
Canada,
51%
for
51%
for
51%
O'
51%
O'
51%
on
51%
on
51%
stand
51%
stand
51%
thee.
51%
thee.
51%
we
51%
we
51%
guard
49%
guard
49%
and
43%
Car
43%
free!
43%
glorious
43%
God
43%
keep
43%
land
43%
our
43%
ton
43%
bras
40%
croix!
40%
la
40%
exploits.
37%
histoire
37%
Ton
37%
Des
34%
Il
34%
l'épée,
34%
plus
34%
porter
34%
porter
34%
sait
34%
brillants
31%
épopée
31%
est
31%
sait
31%
une
31%
No matching quizzes found
Score Distribution
Percent of People with Each Score
Percentile by Number Answered
Your Score History
You have not taken this quiz